| 000 | 00000nam 2200000zi 4500 |
| 001 | 9.934041 |
| 003 | CaOODSP |
| 005 | 20251103145130 |
| 006 | m o d f |
| 007 | cr bn||||||||| |
| 008 | 240216e201003##onc o f000 0 fre d |
| 040 | |aCaOODSP|bfre|erda|cCaOODSP |
| 043 | |an-cn-on |
| 086 | 1 |aJ2-894/2010F-PDF |
| 245 | 10|a[Bureau régional de l’Ontario - Section du droit réglementaire] / |cDirection de la vérification interne. |
| 246 | 17|aSection du droit réglementaire-BRO |
| 264 | 1|a[Ottawa] : |bMinistère de la Justice Canada = Department of Justice Canada, |c[mars 2010] |
| 300 | |a1 ressource en ligne (v, 51 pages) |
| 336 | |atexte|btxt|2rdacontent/fre |
| 337 | |ainformatique|bc|2rdamedia/fre |
| 338 | |aressource en ligne|bcr|2rdacarrier/fre |
| 500 | |aTitre de départ. |
| 500 | |aPublié aussi en anglais sous le titre : [Ontario Regional Office - Regulatory Law Section]. |
| 520 | |a« Le Portefeuille du droit des affaires et du droit réglementaire (PDADR) du ministère de la Justice fournit des services juridiques à partir des bureaux régionaux de l’ensemble du Canada. Dans le Bureau régional de l’Ontario (BRO), la Section du droit réglementaire offre des services juridiques à un vaste éventail de ministères et d’organismes clients. La présente vérification a porté sur les pratiques de gestion dans la Section du droit réglementaire du BRO » -- Résumé, page iii. |
| 610 | 16|aCanada. |bMinistère de la justice|xAudit. |
| 650 | 6|aProcédure administrative|zOntario|xÉvaluation. |
| 710 | 1 |aCanada. |bMinistère de la justice, |eorganisme de publication. |
| 775 | 08|t[Ontario Regional Office - Regulatory Law Section] / |w(CaOODSP)9.930218 |
| 856 | 40|qPDF|s247 Ko|uhttps://publications.gc.ca/collections/collection_2024/jus/J2-894-2010-fra.pdf |
| 856 | 4 |qHTML|sS.O.|uhttps://www.justice.gc.ca/fra/pr-rp/pm-cp/ver-aud/2010/bro-oro/index.html |